000 00301nam a22001337a 4500
008 181107b xxu||||| |||| 00| 0 eng d
020 _a0879833289
041 _aeng
080 _a612.39
100 _a10
101 _aNUT
245 _aThe Nutrition Desk Reference
_cGarrison,R.H
942 _2udc
_cBK
999 _c52127
_d52127